000 00385nam a2200157Ia 4500
008 160316s1996 xxu||||| |||| 00| 0 eng d
082 _a344.013000
_bRAM
100 _aRaman Vasanthi
245 _aThe phenomenon of child labour in India
250 _a
260 _aDelhi
_bYHCH
_c1996
300 _a19
_b
_c
365 _b
650 _a1. child labour 2. phenomenon
700 _a
_a
999 _c33617
_d33617